[Event "Team Championship Russia (Blitz, Men)"]
[Site "Sochi"]
[Date "2018.10.10"]
[Round "2.8"]
[White "Kozionov, Kirill"]
[Black "Iljiushenok, Ilia"]
[Result "0-1"]
[BlackElo "2538"]
[WhiteElo "2442"]
[LiveChessVersion "1.4.8"]

1. d4 {[%clk 0:03:03]} d6 {[%clk 0:03:04]} 2. Nf3 {[%clk 0:03:03]} g6
{[%clk 0:03:05]} 3. c4 {[%clk 0:03:03]} Bg7 {[%clk 0:03:06]} 4. Nc3
{[%clk 0:03:02]} Nf6 {[%clk 0:03:06]} 5. e4 {[%clk 0:03:02]} O-O {[%clk 0:03:06]}
6. Be2 {[%clk 0:03:03]} e5 {[%clk 0:03:07]} 7. Be3 {[%clk 0:03:04]} exd4
{[%clk 0:03:00]} 8. Nxd4 {[%clk 0:03:04]} Re8 {[%clk 0:03:02]} 9. f3
{[%clk 0:03:05]} c6 {[%clk 0:03:02]} 10. Bf2 {[%clk 0:03:06]} d5 {[%clk 0:03:03]}
11. exd5 {[%clk 0:03:07]} cxd5 {[%clk 0:03:04]} 12. O-O {[%clk 0:03:07]} Nc6
{[%clk 0:03:03]} 13. c5 {[%clk 0:03:09]} Bf8 {[%clk 0:03:00]} 14. Nb3
{[%clk 0:02:48]} Be6 {[%clk 0:02:45]} 15. Re1 {[%clk 0:02:42]} Qd7
{[%clk 0:02:29]} 16. Qd2 {[%clk 0:02:37]} Rad8 {[%clk 0:02:05]} 17. Bh4
{[%clk 0:01:25]} Bg7 {[%clk 0:02:00]} 18. Qf4 {[%clk 0:01:26]} Nh5
{[%clk 0:01:56]} 19. Qa4 {[%clk 0:01:25]} Rc8 {[%clk 0:01:49]} 20. Rad1
{[%clk 0:01:13]} a6 {[%clk 0:01:44]} 21. Ne4 {[%clk 0:00:32]} Rf8
{[%clk 0:01:26]} 22. Nd6 {[%clk 0:00:23]} Rc7 {[%clk 0:01:27]} 23. g4
{[%clk 0:00:17]} Nf6 {[%clk 0:01:20]} 24. Qf4 {[%clk 0:00:17]} Ne8
{[%clk 0:01:14]} 25. Bf1 {[%clk 0:00:15]} h6 {[%clk 0:01:12]} 26. Bg3
{[%clk 0:00:14]} Nxd6 {[%clk 0:01:06]} 27. cxd6 {[%clk 0:00:14]} g5
{[%clk 0:00:57]} 28. Qd2 {[%clk 0:00:12]} Rcc8 {[%clk 0:00:55]} 29. Qf2
{[%clk 0:00:10]} b6 {[%clk 0:00:49]} 30. Qxb6 {[%clk 0:00:08]} Rb8
{[%clk 0:00:50]} 31. Qc7 {[%clk 0:00:07]} Bxb2 {[%clk 0:00:44]} 32. Kh1
{[%clk 0:00:06]} Ba3 {[%clk 0:00:39]} 33. Re2 {[%clk 0:00:05]} Rfd8
{[%clk 0:00:38]} 34. Rc2 {[%clk 0:00:05]} Nb4 {[%clk 0:00:27]} 35. Qxd7
{[%clk 0:00:06]} Rxd7 {[%clk 0:00:28]} 36. Rc7 {[%clk 0:00:07]} Nxa2
{[%clk 0:00:14]} 37. Nc5 {[%clk 0:00:09]} Bxc5 {[%clk 0:00:15]} 38. Rxc5
{[%clk 0:00:10]} Nb4 {[%clk 0:00:13]} 39. Rb1 {[%clk 0:00:11]} d4
{[%clk 0:00:07]} 40. Bc4 {[%clk 0:00:09]} d3 {[%clk 0:00:05]} 41. Bxe6
{[%clk 0:00:08]} fxe6 {[%clk 0:00:06]} 42. Rc7 {[%clk 0:00:09]} Rdd8
{[%clk 0:00:06]} 43. d7 {[%clk 0:00:06]} d2 {[%clk 0:00:04]} 44. Rd1
{[%clk 0:00:05]} Nd5 {[%clk 0:00:06]} 45. Ra7 {[%clk 0:00:05]} Rb2
{[%clk 0:00:07]} 46. Be5 {[%clk 0:00:04]} Ne3 {[%clk 0:00:08]} 47. Bxb2
{[%clk 0:00:04]} Nxd1 {[%clk 0:00:09]} 48. Bf6 {[%clk 0:00:04]} Ne3
{[%clk 0:00:10]} 49. Kg1 {[%clk 0:00:03]} d1=Q+ {[%clk 0:00:11]} 50. Kf2
{[%clk 0:00:04]} Qd2+ {[%clk 0:00:12]} 0-1

[Event "Team Championship Russia (Blitz, Men)"]
[Site "Sochi"]
[Date "2018.10.10"]
[Round "2.9"]
[White "Rakhmanov, Aleksandr"]
[Black "Bocharov, Ivan"]
[Result "1/2-1/2"]
[BlackElo "2667"]
[WhiteElo "2578"]
[LiveChessVersion "1.4.8"]

1. Nf3 {[%clk 0:03:03]} Nf6 {[%clk 0:03:04]} 2. g3 {[%clk 0:03:04]} d5
{[%clk 0:03:05]} 3. Bg2 {[%clk 0:03:05]} c6 {[%clk 0:03:04]} 4. d4
{[%clk 0:03:05]} Bf5 {[%clk 0:03:02]} 5. c4 {[%clk 0:03:05]} e6 {[%clk 0:03:01]}
6. Nc3 {[%clk 0:03:00]} h6 {[%clk 0:02:54]} 7. Qb3 {[%clk 0:03:00]} Qb6
{[%clk 0:02:49]} 8. c5 {[%clk 0:03:01]} Qa6 {[%clk 0:02:51]} 9. Bf1
{[%clk 0:03:01]} b5 {[%clk 0:02:08]} 10. a4 {[%clk 0:03:02]} Nbd7
{[%clk 0:02:01]} 11. Ra2 {[%clk 0:02:58]} bxa4 {[%clk 0:01:58]} 12. Qxa4
{[%clk 0:02:38]} Qxa4 {[%clk 0:01:40]} 13. Rxa4 {[%clk 0:02:39]} e5
{[%clk 0:01:41]} 14. e3 {[%clk 0:02:37]} Ne4 {[%clk 0:01:36]} 15. Be2
{[%clk 0:02:27]} Be7 {[%clk 0:01:35]} 16. Ra6 {[%clk 0:02:18]} Nb8
{[%clk 0:01:36]} 17. Nxe5 {[%clk 0:02:11]} Nxa6 {[%clk 0:01:35]} 18. Bxa6
{[%clk 0:02:12]} Nxc3 {[%clk 0:01:28]} 19. bxc3 {[%clk 0:02:13]} Bc8
{[%clk 0:01:24]} 20. Bxc8 {[%clk 0:02:09]} Rxc8 {[%clk 0:01:25]} 21. Ba3
{[%clk 0:01:59]} Bf6 {[%clk 0:01:26]} 22. Nd3 {[%clk 0:01:59]} Rb8
{[%clk 0:01:26]} 23. Kd2 {[%clk 0:02:00]} Kd7 {[%clk 0:01:25]} 24. Kc2
{[%clk 0:01:47]} a5 {[%clk 0:01:25]} 25. f3 {[%clk 0:01:44]} Rhe8
{[%clk 0:00:59]} 26. Re1 {[%clk 0:01:46]} g6 {[%clk 0:00:41]} 27. e4
{[%clk 0:01:45]} h5 {[%clk 0:00:41]} 28. Nb2 {[%clk 0:01:29]} Bg7
{[%clk 0:00:36]} 29. Na4 {[%clk 0:01:29]} g5 {[%clk 0:00:32]} 30. Bc1
{[%clk 0:01:25]} g4 {[%clk 0:00:32]} 31. Bf4 {[%clk 0:01:20]} Rb5
{[%clk 0:00:28]} 32. fxg4 {[%clk 0:01:10]} hxg4 {[%clk 0:00:29]} 33. Nb6+
{[%clk 0:01:10]} Kd8 {[%clk 0:00:29]} 34. e5 {[%clk 0:00:57]} Rh8
{[%clk 0:00:30]} 35. Re2 {[%clk 0:00:58]} Bf8 {[%clk 0:00:27]} 36. Rf2
{[%clk 0:00:48]} Be7 {[%clk 0:00:27]} 37. Bd2 {[%clk 0:00:44]} Rh7
{[%clk 0:00:28]} 38. Na4 {[%clk 0:00:44]} Kd7 {[%clk 0:00:29]} 39. Nb6+
{[%clk 0:00:43]} Ke6 {[%clk 0:00:30]} 40. Na4 {[%clk 0:00:43]} f5
{[%clk 0:00:27]} 41. exf6 {[%clk 0:00:41]} Bxf6 {[%clk 0:00:28]} 42. Re2+
{[%clk 0:00:41]} Kf5 {[%clk 0:00:28]} 43. Nb6 {[%clk 0:00:39]} Re7
{[%clk 0:00:28]} 44. Rf2+ {[%clk 0:00:40]} Kg6 {[%clk 0:00:29]} 45. Rf4
{[%clk 0:00:41]} Re4 {[%clk 0:00:30]} 46. Rxe4 {[%clk 0:00:38]} dxe4
{[%clk 0:00:31]} 47. c4 {[%clk 0:00:33]} Rb4 {[%clk 0:00:20]} 48. Bxb4 axb4 49.
d5 {[%clk 0:00:35]} e3 {[%clk 0:00:23]} 50. Kd3 {[%clk 0:00:33]} b3
{[%clk 0:00:23]} 51. Na4 {[%clk 0:00:33]} b2 {[%clk 0:00:24]} 52. Nxb2
{[%clk 0:00:34]} Bxb2 {[%clk 0:00:25]} 53. dxc6 {[%clk 0:00:35]} Be5
{[%clk 0:00:26]} 54. Kxe3 {[%clk 0:00:36]} Kf5 {[%clk 0:00:28]} 55. Kd3
{[%clk 0:00:16]} Kf6 {[%clk 0:00:27]} 56. Ke4 Ke6 57. Kd3 {[%clk 0:00:12]} Ke7
{[%clk 0:00:30]} 58. Ke3 {[%clk 0:00:11]} Kf7 {[%clk 0:00:30]} 59. Kd3
{[%clk 0:00:11]} Ke7 {[%clk 0:00:31]} 60. Ke2 {[%clk 0:00:11]} Kd8
{[%clk 0:00:31]} 61. Ke3 {[%clk 0:00:11]} Ke7 {[%clk 0:00:33]} 62. Ke4
{[%clk 0:00:12]} Ke6 {[%clk 0:00:34]} 63. Kd3 {[%clk 0:00:14]} Ke7
{[%clk 0:00:36]} 64. Ke3 {[%clk 0:00:15]} Kf7 {[%clk 0:00:37]} 65. Kf2
{[%clk 0:00:16]} Ke7 {[%clk 0:00:34]} 66. Kg2 Kd8 67. h3 {[%clk 0:00:17]} gxh3+
{[%clk 0:00:37]} 68. Kxh3 Kc7 1/2-1/2

[Event "Team Championship Russia (Blitz, Men)"]
[Site "Sochi"]
[Date "2018.10.10"]
[Round "2.10"]
[White "Bocharov, Dmitry"]
[Black "Rozum, Ivan"]
[Result "0-1"]
[BlackElo "2595"]
[WhiteElo "2649"]
[LiveChessVersion "1.4.8"]

1. Nf3 {[%clk 0:03:02]} Nf6 {[%clk 0:03:03]} 2. g3 {[%clk 0:03:03]} b6
{[%clk 0:03:03]} 3. Bg2 {[%clk 0:03:04]} Bb7 {[%clk 0:03:04]} 4. O-O
{[%clk 0:03:04]} g6 {[%clk 0:03:04]} 5. d4 {[%clk 0:02:49]} Bg7 {[%clk 0:03:05]}
6. c4 {[%clk 0:02:49]} O-O {[%clk 0:03:05]} 7. Qc2 {[%clk 0:02:50]} Be4
{[%clk 0:03:00]} 8. Qb3 {[%clk 0:02:50]} Bb7 {[%clk 0:02:59]} 9. Nc3
{[%clk 0:02:49]} Ne4 {[%clk 0:02:42]} 10. Nxe4 {[%clk 0:02:39]} Bxe4
{[%clk 0:02:43]} 11. Rd1 {[%clk 0:02:39]} d6 {[%clk 0:02:32]} 12. Qe3
{[%clk 0:02:35]} Bb7 {[%clk 0:02:17]} 13. b3 {[%clk 0:02:35]} Nd7
{[%clk 0:02:07]} 14. Bb2 {[%clk 0:02:36]} Nf6 {[%clk 0:02:08]} 15. Rac1
{[%clk 0:02:22]} c5 {[%clk 0:01:56]} 16. Qd3 {[%clk 0:01:48]} a6 {[%clk 0:01:50]}
17. d5 {[%clk 0:01:42]} b5 {[%clk 0:01:48]} 18. e4 {[%clk 0:01:31]} Qa5
{[%clk 0:01:47]} 19. e5 {[%clk 0:01:15]} Ng4 {[%clk 0:01:40]} 20. Qe2
{[%clk 0:00:55]} Qxa2 {[%clk 0:01:26]} 21. Rd2 {[%clk 0:00:54]} Qxb3
{[%clk 0:01:24]} 22. exd6 {[%clk 0:00:40]} exd6 {[%clk 0:01:21]} 23. Bxg7
{[%clk 0:00:40]} Kxg7 {[%clk 0:01:22]} 24. Qe7 {[%clk 0:00:37]} bxc4
{[%clk 0:01:14]} 25. Qxd6 {[%clk 0:00:20]} Nf6 {[%clk 0:01:07]} 26. Ng5
{[%clk 0:00:12]} h6 {[%clk 0:00:43]} 27. Ne4 {[%clk 0:00:12]} Nxe4
{[%clk 0:00:43]} 28. Bxe4 {[%clk 0:00:12]} Rfe8 {[%clk 0:00:37]} 29. Bg2
{[%clk 0:00:12]} c3 {[%clk 0:00:31]} 30. Rd3 {[%clk 0:00:13]} Rad8
{[%clk 0:00:21]} 31. Qxc5 {[%clk 0:00:14]} Qb5 {[%clk 0:00:15]} 32. Qd4+
{[%clk 0:00:14]} Kg8 {[%clk 0:00:16]} 33. Rdxc3 {[%clk 0:00:12]} Bxd5
{[%clk 0:00:15]} 34. Rd1 {[%clk 0:00:07]} Bxg2 {[%clk 0:00:15]} 35. Qxd8
{[%clk 0:00:08]} Rxd8 {[%clk 0:00:16]} 36. Rxd8+ {[%clk 0:00:09]} Kg7
{[%clk 0:00:17]} 37. Kxg2 {[%clk 0:00:09]} Qb7+ {[%clk 0:00:17]} 38. Kf1
{[%clk 0:00:04]} Qh1+ {[%clk 0:00:12]} 39. Ke2 {[%clk 0:00:05]} Qxh2
{[%clk 0:00:13]} 40. Rd5 {[%clk 0:00:05]} Qh1 {[%clk 0:00:12]} 41. Rcc5
{[%clk 0:00:04]} Qe4+ {[%clk 0:00:13]} 42. Kf1 {[%clk 0:00:05]} h5
{[%clk 0:00:13]} 43. Ra5 {[%clk 0:00:06]} h4 {[%clk 0:00:14]} 44. gxh4
{[%clk 0:00:06]} Qxh4 {[%clk 0:00:15]} 45. Rd1 {[%clk 0:00:05]} Qc4+
{[%clk 0:00:15]} 0-1

[Event "Team Championship Russia (Blitz, Men)"]
[Site "Sochi"]
[Date "2018.10.10"]
[Round "2.11"]
[White "Kezin, Roman"]
[Black "Gogolev, Artem"]
[Result "0-1"]
[BlackElo "2360"]
[WhiteElo "2575"]
[LiveChessVersion "1.4.8"]

1. Nf3 {[%clk 0:03:03]} d5 {[%clk 0:03:03]} 2. b3 {[%clk 0:03:05]} c5
{[%clk 0:02:58]} 3. Bb2 {[%clk 0:03:04]} Nc6 {[%clk 0:02:58]} 4. g3
{[%clk 0:02:59]} Nf6 {[%clk 0:02:50]} 5. Bg2 {[%clk 0:03:00]} g6 {[%clk 0:02:46]}
6. d4 {[%clk 0:02:59]} Bg7 {[%clk 0:02:41]} 7. dxc5 {[%clk 0:02:58]} Qa5+
{[%clk 0:02:34]} 8. Nbd2 {[%clk 0:02:58]} O-O {[%clk 0:02:23]} 9. a3
{[%clk 0:02:57]} Qxc5 {[%clk 0:02:24]} 10. b4 {[%clk 0:02:58]} Qd6
{[%clk 0:02:20]} 11. c4 {[%clk 0:02:52]} dxc4 {[%clk 0:02:07]} 12. Nxc4
{[%clk 0:02:49]} Qxd1+ {[%clk 0:02:08]} 13. Rxd1 {[%clk 0:02:50]} Be6
{[%clk 0:02:04]} 14. Nfe5 {[%clk 0:02:36]} Nxe5 {[%clk 0:02:04]} 15. Nxe5
{[%clk 0:02:36]} Ng4 {[%clk 0:01:59]} 16. Nd3 {[%clk 0:02:28]} Bxb2
{[%clk 0:01:55]} 17. Nxb2 {[%clk 0:02:29]} Rac8 {[%clk 0:01:45]} 18. Bxb7
{[%clk 0:02:15]} Rc2 {[%clk 0:01:31]} 19. Rd2 {[%clk 0:01:56]} Rc1+
{[%clk 0:01:26]} 20. Nd1 {[%clk 0:01:57]} Ra1 {[%clk 0:01:17]} 21. O-O
{[%clk 0:01:48]} Rxa3 {[%clk 0:01:18]} 22. Rd4 {[%clk 0:01:39]} Rb8
{[%clk 0:01:13]} 23. Bg2 {[%clk 0:01:37]} Rb3 {[%clk 0:01:10]} 24. Bh3
{[%clk 0:01:29]} R3xb4 {[%clk 0:01:05]} 25. Rxb4 {[%clk 0:01:24]} Rxb4
{[%clk 0:01:06]} 26. Nc3 {[%clk 0:01:23]} Rc4 {[%clk 0:01:02]} 27. Nb5
{[%clk 0:01:18]} a6 {[%clk 0:01:02]} 28. Na3 {[%clk 0:01:19]} Rc3
{[%clk 0:01:01]} 29. Ra1 {[%clk 0:01:20]} h5 {[%clk 0:00:55]} 30. Bg2
{[%clk 0:01:01]} Ne5 {[%clk 0:00:47]} 31. Bb7 {[%clk 0:01:01]} a5
{[%clk 0:00:48]} 32. Nb5 {[%clk 0:00:53]} Rb3 {[%clk 0:00:42]} 33. Rxa5
{[%clk 0:00:54]} Bh3 {[%clk 0:00:43]} 34. f3 {[%clk 0:00:48]} Rb1+
{[%clk 0:00:44]} 35. Kf2 {[%clk 0:00:49]} Rf1+ {[%clk 0:00:45]} 36. Ke3
{[%clk 0:00:46]} Nc4+ {[%clk 0:00:46]} 37. Kf4 {[%clk 0:00:45]} Nxa5
{[%clk 0:00:47]} 38. Bd5 {[%clk 0:00:46]} Kg7 {[%clk 0:00:48]} 39. Nc3
{[%clk 0:00:41]} f6 {[%clk 0:00:46]} 40. Ne4 {[%clk 0:00:32]} e5+
{[%clk 0:00:43]} 41. Ke3 {[%clk 0:00:33]} Bf5 {[%clk 0:00:38]} 42. Nd2
{[%clk 0:00:26]} Ra1 {[%clk 0:00:38]} 43. Kf2 {[%clk 0:00:23]} Rd1
{[%clk 0:00:33]} 44. Ke3 {[%clk 0:00:23]} Rh1 {[%clk 0:00:32]} 45. g4
{[%clk 0:00:20]} Bd7 {[%clk 0:00:23]} 46. gxh5 {[%clk 0:00:21]} gxh5
{[%clk 0:00:24]} 47. Ne4 {[%clk 0:00:20]} Rxh2 {[%clk 0:00:24]} 48. Nc5
{[%clk 0:00:21]} Bf5 {[%clk 0:00:24]} 49. Kd2 {[%clk 0:00:16]} h4
{[%clk 0:00:25]} 50. Ke1 {[%clk 0:00:09]} h3 51. Kf1 Rh1+ {[%clk 0:00:20]} 52.
Kf2 {[%clk 0:00:12]} Rd1 {[%clk 0:00:21]} 53. Be6 {[%clk 0:00:10]} h2
{[%clk 0:00:22]} 54. Bxf5 {[%clk 0:00:09]} h1=Q {[%clk 0:00:22]} 0-1

[Event "Team Championship Russia (Blitz, Men)"]
[Site "Sochi"]
[Date "2018.10.10"]
[Round "2.12"]
[White "Moiseenko, Vadim"]
[Black "Khanin, Semen"]
[Result "1-0"]
[BlackElo "2545"]
[WhiteElo "2421"]
[LiveChessVersion "1.4.8"]

1. d4 {[%clk 0:03:03]} Nf6 {[%clk 0:03:03]} 2. c4 {[%clk 0:03:04]} e6 3. g3 d5
{[%clk 0:03:03]} 4. Bg2 {[%clk 0:03:07]} Be7 {[%clk 0:03:03]} 5. Nf3
{[%clk 0:03:09]} O-O {[%clk 0:03:03]} 6. O-O {[%clk 0:03:09]} dxc4 7. Qc2 a6
{[%clk 0:03:03]} 8. a4 {[%clk 0:03:13]} Nc6 {[%clk 0:02:22]} 9. Qxc4
{[%clk 0:03:04]} Qd5 {[%clk 0:02:22]} 10. Qd3 {[%clk 0:02:55]} Rd8
{[%clk 0:02:20]} 11. Nc3 {[%clk 0:02:39]} Qf5 {[%clk 0:02:06]} 12. e4
{[%clk 0:02:22]} Qh5 {[%clk 0:02:04]} 13. Rd1 {[%clk 0:02:09]} Nb4
{[%clk 0:01:29]} 14. Qe2 {[%clk 0:02:08]} c5 {[%clk 0:01:26]} 15. dxc5
{[%clk 0:01:36]} Rxd1+ {[%clk 0:01:27]} 16. Qxd1 {[%clk 0:01:36]} Bd7
{[%clk 0:01:21]} 17. Be3 {[%clk 0:01:32]} Bc6 {[%clk 0:01:21]} 18. Nd4
{[%clk 0:01:28]} Qxd1+ {[%clk 0:01:15]} 19. Rxd1 {[%clk 0:01:29]} Be8
{[%clk 0:01:07]} 20. Nb3 {[%clk 0:01:22]} Rc8 {[%clk 0:00:47]} 21. Na5
{[%clk 0:01:07]} Bc6 {[%clk 0:00:32]} 22. Nxc6 {[%clk 0:01:05]} Nxc6
{[%clk 0:00:33]} 23. h3 {[%clk 0:00:44]} Kf8 {[%clk 0:00:34]} 24. e5
{[%clk 0:00:40]} Nd5 {[%clk 0:00:18]} 25. Nxd5 {[%clk 0:00:38]} exd5
{[%clk 0:00:19]} 26. Rxd5 {[%clk 0:00:38]} Ke8 {[%clk 0:00:18]} 27. f4
{[%clk 0:00:37]} Nb4 {[%clk 0:00:15]} 28. Rd2 {[%clk 0:00:37]} Bxc5
{[%clk 0:00:15]} 29. Bxc5 {[%clk 0:00:38]} Rxc5 {[%clk 0:00:15]} 30. Bxb7
{[%clk 0:00:39]} a5 {[%clk 0:00:14]} 31. Be4 {[%clk 0:00:37]} Rc4
{[%clk 0:00:14]} 32. Bf3 {[%clk 0:00:33]} Na6 {[%clk 0:00:14]} 33. Bd5
{[%clk 0:00:29]} Rc5 {[%clk 0:00:13]} 34. b3 {[%clk 0:00:28]} Rc3
{[%clk 0:00:13]} 35. Kg2 {[%clk 0:00:19]} Nc5 {[%clk 0:00:14]} 36. Bc4
{[%clk 0:00:13]} Nxb3 {[%clk 0:00:13]} 37. Bxb3 {[%clk 0:00:10]} Rxb3
{[%clk 0:00:14]} 38. Rd5 {[%clk 0:00:12]} h5 {[%clk 0:00:09]} 39. h4
{[%clk 0:00:09]} Rb2+ {[%clk 0:00:09]} 40. Kh3 {[%clk 0:00:11]} g6
{[%clk 0:00:10]} 41. Rxa5 {[%clk 0:00:12]} Ke7 {[%clk 0:00:11]} 42. Ra7+
{[%clk 0:00:11]} Ke6 {[%clk 0:00:12]} 43. a5 {[%clk 0:00:12]} Ra2
{[%clk 0:00:13]} 44. Ra6+ {[%clk 0:00:11]} Ke7 {[%clk 0:00:13]} 45. Ra7+
{[%clk 0:00:10]} Ke6 {[%clk 0:00:13]} 46. a6 {[%clk 0:00:09]} Ra3
{[%clk 0:00:12]} 47. Kg2 {[%clk 0:00:09]} Ra2+ {[%clk 0:00:11]} 48. Kf1
{[%clk 0:00:08]} Ra3 {[%clk 0:00:12]} 49. Kf2 {[%clk 0:00:09]} Ra2+
{[%clk 0:00:13]} 50. Kf3 {[%clk 0:00:10]} Ra3+ {[%clk 0:00:14]} 51. Kg2
{[%clk 0:00:12]} Ra2+ {[%clk 0:00:15]} 52. Kh3 {[%clk 0:00:13]} Ra3
{[%clk 0:00:14]} 53. Ra8 {[%clk 0:00:13]} Ke7 {[%clk 0:00:12]} 54. a7
{[%clk 0:00:13]} Ra2 {[%clk 0:00:12]} 55. e6 {[%clk 0:00:11]} 1-0

[Event "Team Championship Russia (Blitz, Men)"]
[Site "Sochi"]
[Date "2018.10.10"]
[Round "2.13"]
[White "Zvjaginsev, Vadim"]
[Black "Chigaev, Maksim"]
[Result "1-0"]
[BlackElo "2616"]
[WhiteElo "2669"]
[LiveChessVersion "1.4.8"]

1. e4 {[%clk 0:03:02]} g6 {[%clk 0:03:03]} 2. d4 {[%clk 0:03:03]} Bg7
{[%clk 0:03:05]} 3. Nf3 d6 4. Be2 {[%clk 0:03:04]} Nf6 {[%clk 0:03:07]} 5. Nc3
{[%clk 0:03:05]} O-O {[%clk 0:03:08]} 6. O-O {[%clk 0:03:06]} Nbd7
{[%clk 0:03:09]} 7. Bf4 {[%clk 0:03:01]} c6 {[%clk 0:03:05]} 8. Qd2
{[%clk 0:02:54]} a6 {[%clk 0:02:37]} 9. Rad1 {[%clk 0:02:46]} b5 {[%clk 0:02:27]}
10. a3 {[%clk 0:02:47]} Bb7 {[%clk 0:02:28]} 11. e5 {[%clk 0:02:37]} dxe5
{[%clk 0:01:48]} 12. dxe5 {[%clk 0:02:17]} Nd5 {[%clk 0:01:49]} 13. Nxd5
{[%clk 0:02:11]} cxd5 {[%clk 0:01:50]} 14. Bh6 {[%clk 0:02:06]} e6
{[%clk 0:01:10]} 15. Bxg7 {[%clk 0:01:53]} Kxg7 {[%clk 0:01:11]} 16. Rfe1
{[%clk 0:01:51]} Rc8 {[%clk 0:00:54]} 17. c3 {[%clk 0:01:50]} Nc5
{[%clk 0:00:51]} 18. Qf4 {[%clk 0:01:45]} f5 {[%clk 0:00:29]} 19. exf6+
{[%clk 0:01:41]} Qxf6 {[%clk 0:00:30]} 20. Qxf6+ {[%clk 0:01:26]} Kxf6
{[%clk 0:00:18]} 21. Bd3 {[%clk 0:01:20]} Nd7 {[%clk 0:00:16]} 22. h4
{[%clk 0:01:13]} e5 {[%clk 0:00:07]} 23. Ng5 {[%clk 0:01:13]} Rh8
{[%clk 0:00:08]} 24. Re3 {[%clk 0:01:10]} h6 {[%clk 0:00:04]} 25. Rf3+
{[%clk 0:01:09]} Ke7 {[%clk 0:00:05]} 26. Rf7+ Kd6 27. Nf3 {[%clk 0:00:51]} Rcf8
{[%clk 0:00:06]} 28. Rxd7+ Kxd7 {[%clk 0:00:07]} 29. Nxe5+ {[%clk 0:00:42]} Kd6
{[%clk 0:00:09]} 30. Nxg6 {[%clk 0:00:42]} Rhg8 {[%clk 0:00:06]} 31. Nxf8 Rxf8
32. Be2 {[%clk 0:00:36]} Bc6 {[%clk 0:00:09]} 33. Bf3 {[%clk 0:00:33]} a5
{[%clk 0:00:10]} 34. b4 {[%clk 0:00:29]} axb4 {[%clk 0:00:07]} 35. axb4
{[%clk 0:00:30]} Ra8 {[%clk 0:00:03]} 36. Kf1 {[%clk 0:00:27]} Ra3
{[%clk 0:00:05]} 37. Rd3 {[%clk 0:00:27]} Ke5 {[%clk 0:00:03]} 38. g3
{[%clk 0:00:26]} Bb7 {[%clk 0:00:04]} 39. Ke2 {[%clk 0:00:25]} Ra2+
{[%clk 0:00:04]} 40. Ke3 {[%clk 0:00:25]} Ra6 {[%clk 0:00:05]} 41. Bg2
{[%clk 0:00:23]} Re6 {[%clk 0:00:05]} 42. f4+ {[%clk 0:00:22]} Kf6+
{[%clk 0:00:03]} 43. Kf2 {[%clk 0:00:23]} Ra6 {[%clk 0:00:04]} 44. Bxd5 Bc8 45.
Bf3 {[%clk 0:00:17]} Ra2+ {[%clk 0:00:05]} 46. Ke3 {[%clk 0:00:18]} Ra3
{[%clk 0:00:05]} 47. g4 {[%clk 0:00:18]} h5 {[%clk 0:00:06]} 48. g5+
{[%clk 0:00:18]} Ke7 {[%clk 0:00:07]} 49. Be4 {[%clk 0:00:16]} Ra1
{[%clk 0:00:08]} 50. f5 {[%clk 0:00:17]} Re1+ {[%clk 0:00:08]} 51. Kf4
{[%clk 0:00:16]} Rf1+ {[%clk 0:00:09]} 52. Ke5 {[%clk 0:00:17]} 1-0

[Event "Team Championship Russia (Blitz, Men)"]
[Site "Sochi"]
[Date "2018.10.10"]
[Round "2.14"]
[White "Vastrukhin, Oleg"]
[Black "Grachev, Boris"]
[Result "1/2-1/2"]
[BlackElo "2646"]
[WhiteElo "2535"]
[LiveChessVersion "1.4.8"]

1. Nf3 {[%clk 0:03:02]} d5 {[%clk 0:03:03]} 2. g3 {[%clk 0:03:04]} c6
{[%clk 0:03:04]} 3. Bg2 {[%clk 0:03:05]} Nf6 {[%clk 0:03:06]} 4. O-O
{[%clk 0:03:06]} h6 {[%clk 0:03:04]} 5. d3 {[%clk 0:03:06]} Bf5 {[%clk 0:03:03]}
6. c4 {[%clk 0:03:07]} dxc4 {[%clk 0:02:58]} 7. dxc4 {[%clk 0:03:08]} Nbd7
{[%clk 0:02:50]} 8. Nc3 {[%clk 0:02:35]} e6 {[%clk 0:02:50]} 9. b3
{[%clk 0:02:26]} Qc7 {[%clk 0:02:44]} 10. Bb2 {[%clk 0:02:24]} Be7
{[%clk 0:02:44]} 11. Qc1 {[%clk 0:02:18]} O-O {[%clk 0:02:42]} 12. Rd1
{[%clk 0:02:19]} Rfd8 {[%clk 0:02:40]} 13. Qf4 {[%clk 0:02:20]} Qxf4
{[%clk 0:02:30]} 14. gxf4 {[%clk 0:02:21]} Nc5 {[%clk 0:02:30]} 15. Ne5
{[%clk 0:02:10]} a5 {[%clk 0:02:18]} 16. Ba3 {[%clk 0:02:03]} Bf8
{[%clk 0:02:11]} 17. Kf1 {[%clk 0:01:57]} Nce4 {[%clk 0:01:23]} 18. Bxf8
{[%clk 0:01:34]} Nxc3 {[%clk 0:01:19]} 19. Rxd8 {[%clk 0:01:30]} Rxd8
{[%clk 0:01:20]} 20. Bc5 {[%clk 0:01:06]} Rd2 {[%clk 0:01:17]} 21. Bb6
{[%clk 0:01:01]} Bb1 {[%clk 0:01:02]} 22. Bf3 {[%clk 0:00:56]} Rxa2
{[%clk 0:00:56]} 23. Rxa2 {[%clk 0:00:50]} Bxa2 {[%clk 0:00:57]} 24. Bxa5
{[%clk 0:00:50]} Nce4 {[%clk 0:00:58]} 25. b4 {[%clk 0:00:44]} Nd2+
{[%clk 0:00:58]} 26. Kg2 {[%clk 0:00:44]} Nxc4 {[%clk 0:00:57]} 27. Nxc4
{[%clk 0:00:37]} Bxc4 {[%clk 0:00:58]} 28. e4 {[%clk 0:00:35]} Bd3
{[%clk 0:00:43]} 29. e5 {[%clk 0:00:36]} Nd7 {[%clk 0:00:36]} 30. Bc7
{[%clk 0:00:36]} Bc4 {[%clk 0:00:37]} 31. Bd1 {[%clk 0:00:30]} f5
{[%clk 0:00:27]} 32. Kf3 {[%clk 0:00:26]} Bd5+ {[%clk 0:00:27]} 33. Ke3
{[%clk 0:00:27]} b5 {[%clk 0:00:26]} 34. Kd4 {[%clk 0:00:26]} Kf7
{[%clk 0:00:27]} 35. h4 {[%clk 0:00:26]} Kg6 {[%clk 0:00:18]} 36. Be2
{[%clk 0:00:25]} Kf7 {[%clk 0:00:17]} 37. Bd1 {[%clk 0:00:26]} g6
{[%clk 0:00:17]} 38. Be2 {[%clk 0:00:27]} Ke8 {[%clk 0:00:17]} 39. Bd1
{[%clk 0:00:27]} Kf7 {[%clk 0:00:10]} 40. Be2 {[%clk 0:00:28]} Kg7
{[%clk 0:00:11]} 41. Bd1 {[%clk 0:00:29]} Kg8 {[%clk 0:00:12]} 42. Be2
{[%clk 0:00:30]} Kh7 {[%clk 0:00:14]} 43. Bd1 {[%clk 0:00:32]} Kg7
{[%clk 0:00:15]} 44. Be2 {[%clk 0:00:33]} Kf7 {[%clk 0:00:17]} 45. Bd1
{[%clk 0:00:35]} Kg7 {[%clk 0:00:06]} 1/2-1/2